• 首页
  • 本馆介绍
  • 公告通知
  • 最新文献
  • 馆藏检索
  • 电子资源
  • 读者导购
  • 参考咨询
  • 我的图书馆
  • 登录
  • 详细信息显示
  • 放入我的书架
  • 预约/预借图书
  • 作者相关作品
  • 分类相关作品
  • 丛书相关作品
  • 出版社相关作品

书目信息

  • 表格格式
  • 工作单格式
  • 卡片格式
题名:
应酬学
    
 
作者: 璐珊 编
分册:  
出版信息: 海口   三环出版社  1994
页数: 163页
开本: 19cm
丛书名:
单 册:
中图分类: C912.1 , B824
科图分类:
主题词: 公共关系学 , 心理交往--礼仪 , 心理交往 , 言语交往 , 礼仪 , 社会--道德
电子资源:
ISBN: 7-80564-600-7
000 00703nam0 2200289 450
001 0929724187
005 20090929081805.09
010    @a7-80564-600-7@dCNY6.30
100    @a20021005d1994 em y0chiy0110 ea
101 0  @achi
102    @aCN@b460000
105    @ay z 000yy
106    @ar
200 1  @a应酬学@Aying chou xue@f璐 珊编
210    @a海口@c三环出版社@d1994
215    @a163页@d19cm
606 0  @a公共关系学
606 0  @a心理交往@x礼仪
606 0  @a心理交往
606 0  @a言语交往
606 0  @a礼仪
606 0  @a社会@x道德
690    @aC912.1@v3
690    @aB824@v4
701  0 @a璐珊@Alu shan@4编
801  0 @aCN@bNLC@c19920410
905    @a10447@dB824@eJY33
    
    应酬学/璐 珊编 .-海口:三环出版社,1994
    163页;19cm
    
    
    ISBN 7-80564-600-7:CNY6.30
    
●
相关链接 在E读中查询图书 在五车中查询图书 在当当中查询图书 在豆瓣中查询图书


正题名:应酬学     索取号:B824/JY33         预约/预借

序号 登录号 条形码 馆藏地/架位号 状态 备注
1 7820300   278203007   学院路分馆/ [索取号:B824/JY33] 在馆    
唐山师范学院图书馆 欢迎您!
大连网信软件有限公司© 版权所有